00501 2200181 4500001002100000005001500021035002000036245006200056100001800118250001700136300003100153260003900184082001000223084001600233020002200249650002800271500002000299INLIS00000000000077320241025101707 a0010-10240000661 aEnsiklopedia Matematika SD :bKalkulator /cYoni Yuniarto0 aYoni Yuniarto aCetakan ke-1 av, 26 hlm :bIlus ;c30 cm aBandung :bAzka Mulia Media,c2006 a510.3 a510.3 YON e a978-979-1211-12-4 4aEnsiklopedia Matematika aSeri Matematika